La morte di una madre /

Guardat en:
Dades bibliogràfiques
Autor principal: Peyrefitte, Roger (Autor)
Altres autors: Enna, Franco, (1921-1990) (Traductor)
Format: Llibre
Idioma:italià
Publicat: Torino : Einaudi, 1958
Col·lecció:I coralli ; 93
Etiquetes: Afegir etiqueta
Sense etiquetes, Sigues el primer a etiquetar aquest registre!

MARC

LEADER 00000nam a22000007i 4500
001 IT\ICCU\SBL\0500668
003 ItRI
005 20250101191232.0
008 910930s1958 it |||||| ||||| |||||c
015 |2 IT  |a 588418 
040 |b ita  |c Arcigay Genova 
041 7 |a ita  |2 ISO-639-2 
082 |a 843  |2 15 
100 1 |a Peyrefitte, Roger  |0 IT\ICCU\CFIV\079761  |4 aut 
240 1 3 |a La mort d'une mere  |9 Peyrefitte, Roger 
245 1 3 |a La morte di una madre /  |c Roger Peyrefitte. 
260 |a Torino :  |b Einaudi,  |c 1958 
300 |a 174 p. ;  |c 20 cm 
500 |a Trad. F. Cannarozzo. 
700 1 |a Enna, Franco,  |d  (1921-1990)  |0 IT\ICCU\CFIV\007429  |4 trl 
830 2 |a I coralli ;  |v 93  |0 IT\ICCU\RAV\0002201 
942 |2 ddc  |c BK 
952 |0 0  |1 0  |2 ddc  |4 0  |6 843_910000000000000_PEY_MOR  |7 1  |9 2650  |a GE  |b GE  |d 2025-01-01  |l 0  |o 843.91 PEY MOR  |p 1350  |r 2025-01-01 19:13:31  |w 2025-01-01  |x Donazione di Alvaro Bazzano  |y BK  |z Donazione AB 
981 1 |6 z01  |a i   |b xxxe  
982 1 |6 z01  |a n 
999 |c 2285  |d 2285